| 000 | 00876nam a22002417a 4500 | ||
|---|---|---|---|
| 005 | 20130816115637.0 | ||
| 010 | _aENG-108099 | ||
| 020 |
_c795.00 _a9788132110606 |
||
| 035 | _aEN-91632 | ||
| 037 | _bDBAD/PUB | ||
| 082 | _a302.53 | ||
| 245 |
_aOrganizational development and alignment : _cby Gagandeep Singh [and] Raghu Ananthanarayanan _bthe Tensegrity mandala framework / |
||
| 260 |
_aNew Delhi _bSage Publications _c2013 |
||
| 270 |
_aB1/I-1 Mohan Cooperative Indusrial Area Mathura Road _bNew Delhi _e110044 |
||
| 300 |
_axxv,268p. : _c24cm(Hb) _bill. |
||
| 500 | _aIncludes bibliographical references and index. | ||
| 650 | _a Organizational behavior. | ||
| 650 | _a Industrial sociology. | ||
| 650 | _a Industrial organization. | ||
| 700 |
_aSingh, Gagandeep, | _d1970- |
||
| 700 | _aAnanthanarayanan, Raghu | ||
| 942 |
_2ddc _cEN _mORG _h302.35 |
||
| 999 |
_c77790 _d77790 |
||